000 00391nam a2200157Ia 4500
008 151213s9999 xx 000 0 und d
100 _aF. W. Bateson
245 _aA . Guide To English Literature
_cF. W. Bateson
250 _a1st
260 _aLondon
_bLongman
_c1965
300 _a4513 p.
650 _aEnglish
650 _aEnglish Literature
700 _aF. W. Bateson
999 _c2888
_d2888